| 000 | 00538nam a2200193Ia 4500 | ||
|---|---|---|---|
| 003 | GCL | ||
| 008 | 140319s9999 xx 000 0 eng d | ||
| 040 |
_aGCL / _cGCL |
||
| 082 | 0 | 4 |
_a791.43744 _bF P |
| 100 | 1 | _aPOWRIE, PHIL | |
| 245 | 1 | 0 |
_aFRENCH CINEMA IN THE 1980'S: NOSTALGIA AND THE CRISIS OF MASCULINITY / _cPOWRIE, PHIL |
| 260 |
_a[S.N] : _bCLARENDON PRESS ، _c1997 |
||
| 300 | _a203 P | ||
| 650 | 0 | 4 | _aCINEMA, EGYPT |
| 650 | 0 | 4 | _aMOTION PICTURES - FRANCE |
| 650 | 0 | 4 | _aARTS |
| 650 | 0 | 4 | _aFILMS - CRITICISM |
| 942 |
_2ddc _cBK |
||
| 999 |
_c16311 _d16311 |
||